Pakistan : (Record no. 344026)
[ view plain ]
| 000 -LEADER | |
|---|---|
| fixed length control field | 01371 a2200229 4500 |
| 020 ## - INTERNATIONAL STANDARD BOOK NUMBER | |
| International Standard Book Number | 0813381002 |
| 020 ## - INTERNATIONAL STANDARD BOOK NUMBER | |
| International Standard Book Number | 9780813381008 |
| 082 04 - DEWEY DECIMAL CLASSIFICATION NUMBER | |
| Classification number | 954.91 |
| 090 ## - LOCALLY ASSIGNED LC-TYPE CALL NUMBER (OCLC); LOCAL CALL NUMBER (RLIN) | |
| -- | 1507 |
| -- | 1507 |
| 100 1# - MAIN ENTRY--PERSONAL NAME | |
| Personal name | Burki, Shahid Javed. |
| 245 10 - TITLE STATEMENT | |
| Title | Pakistan : |
| Remainder of title | the continuing search for nationhood--second edition, revised and updated / |
| Statement of responsibility, etc. | Shahid Javed Burki. |
| 250 ## - EDITION STATEMENT | |
| Edition statement | 2 Rev Upd ed. |
| 260 ## - PUBLICATION, DISTRIBUTION, ETC. | |
| Place of publication, distribution, etc. | [S.l.] : |
| Name of publisher, distributor, etc. | Westview Press, |
| Date of publication, distribution, etc. | 1991. |
| 300 ## - PHYSICAL DESCRIPTION | |
| Extent | 243 p. ; |
| Dimensions | 24 cm. |
| 490 1# - SERIES STATEMENT | |
| Series statement | Nations of contemporary asia. |
| 500 ## - GENERAL NOTE | |
| General note | Hardcover. |
| 520 ## - SUMMARY, ETC. | |
| Summary, etc. | Pakistan came into being as the result of a movement that sought to establish a separate national identity for the Muslims of British India. This introduction to Pakistan's political, economic and social develpment includes an analysis of Benazir Bhutto and her downfall, as well as an examination of the general status of women in this predominantly Moslem culture. The author assesses the implications of the October 1990 elections - in which Bhutto was resoundingly defeated - and weighs the problems facing the new leadership as the search for stability continues. |
| 830 #0 - SERIES ADDED ENTRY--UNIFORM TITLE | |
| Uniform title | Nations of contemporary asia. |
| 856 40 - ELECTRONIC LOCATION AND ACCESS | |
| Materials specified | Amazon.com |
| Uniform Resource Identifier | <a href="http://www.amazon.com/exec/obidos/ASIN/0813381002/chopaconline-20">http://www.amazon.com/exec/obidos/ASIN/0813381002/chopaconline-20</a> |
| 856 40 - ELECTRONIC LOCATION AND ACCESS | |
| Materials specified | Amazon customer reviews |
| Uniform Resource Identifier | <a href="http://www.chopac.org/cgi-bin/tools/azrev.pl?q=0813381002">http://www.chopac.org/cgi-bin/tools/azrev.pl?q=0813381002</a> |
| 942 ## - ADDED ENTRY ELEMENTS (KOHA) | |
| Institution code [OBSOLETE] | NBS |
| Koha item type | Book |
| Call number prefix | 954.91 BUR |
| Withdrawn status | Lost status | Damaged status | Not for loan | Permanent Location | Current Location | Date acquired | Total Checkouts | Full call number | Barcode | Date last seen | Date last checked out | Price effective from | Koha item type |
|---|---|---|---|---|---|---|---|---|---|---|---|---|---|
| NUST Law School (NLS) | NUST Law School (NLS) | 08/28/2013 | 2 | 954.91 BUR | NBS1716 | 11/27/2023 | 11/01/2023 | 08/28/2013 | Book |
